00397nam a2200145Ia 4500003000500000005001700005008004100022020002300063040001400086082001300100100001800113245002800131260004600159300004600205322820250317114549.0211105s9999 xx 000 0 und d a9780636186934qpbk aRDAc3228 a822 FUGA aFugard, Athol 0aMy children! my africa! aCape Town:bMaskew Miller Longman;c1990. a144 PagesbColour Illustrationsc24 Pages